Catalog

Record Details

Catalog Search



Láska musí být neústupná /  James Dobson ; Překlad: Dana Šimonová Cover Image Book Book

Láska musí být neústupná /  James Dobson ; Překlad: Dana Šimonová

Dobson, James (Author). Šimonová, Dana (Added Author).

Record details

  • ISBN: 80-7255-003-9
  • Physical Description: 220 s.
  • Edition: 1. vyd.
  • Publisher: Praha : Návrat domů ,  1999

Available copies

  • 2 of 2 copies available at Common Catalog SPOK.

Holds

  • 0 current holds with 2 total copies.
Show Only Available Copies
Location Call Number / Copy Notes Barcode Shelving Location Status Due Date
ETS Library 261.835872 424470007138 Volný výběr Available -
ETS Library 261.835872 424470018163 Volný výběr Available -

LDR 00672nam a2 00253
00141843
003CZ-PrJAB
00520210112205747.0
008000321s1999 xr e |||| |cze
009cz
020 . ‡a80-7255-003-9
035 . ‡a(CONS)5257
035 . ‡aKPS6791
040 . ‡aABG450
041 . ‡acze
08214. ‡a261.835872
100 . ‡7606 ‡aDobson, James
245 . ‡aLáska musí být neústupná /  ‡nJames Dobson ; Překlad: Dana Šimonová
250 . ‡a1. vyd.
260 . ‡aPraha : ‡bNávrat domů ,  ‡c1999
300 . ‡a220 s.
700 . ‡75817 ‡aŠimonová, Dana
8524 . ‡bETS ‡bETS ‡cVolný výběr ‡j261.835872 ‡gA ‡p424470007138
910 . ‡aABG450
999 . ‡a5257 ‡bAUTOGEN ‡c5257 ‡tbiblio
905 . ‡uadmin
901 . ‡a41843 ‡bCZ-PrJAB ‡c41843 ‡tbiblio ‡sets

Additional Resources